| 000 | 00510nam a2200181Ia 4500 | ||
|---|---|---|---|
| 008 | 140626s9999 xx 000 0 und d | ||
| 100 | _aSuk, Kwan.. | ||
| 245 | 4 |
_aThe influence of price presentation order on consumer choice / _cKwan Suk ... [et al.]. |
|
| 260 | _cc2012. | ||
| 300 | _a49 : 5, page 708 | ||
| 440 | _aJournal of Marketing Research | ||
| 521 | _aBSBA | ||
| 650 | _aPrice order. | ||
| 650 | _aPrice perception. | ||
| 650 | _aPrice-quality. | ||
| 650 | _aReference price. | ||
| 942 | _cSE | ||
| 999 |
_c121060 _d121060 |
||